000
00292nam a22001337a 4500
008
170424b xxu||||| |||| 00| 0 eng d
020
_a
9780077280109
041
_a
eng
080
_2
13
_a
573
100
_a
11
101
_a
SHM
245
_a
INQYIRY INTO LIFE
_c
MADER.S.S
942
_2
udc
_c
BK
999
_c
11592
_d
11592